| 000 | 00556nmm a22002057a 4500 | ||
|---|---|---|---|
| 005 | 20191002100837.0 | ||
| 008 | 190308b xxu||||| |||| 00| 0 spa d | ||
| 041 | _aspa | ||
| 082 | _a242 DC | ||
| 100 |
_aRivas Rossi, Marta _91517 |
||
| 100 |
_aMuñoz, Anabelle _956253 |
||
| 245 | _aLaboratorio virtual: el mundo de las orquídeas | ||
| 260 | _aCosta Rica | ||
| 260 | _bEUNED | ||
| 650 |
_aCOSTA RICA _956254 |
||
| 650 |
_aORQUÍDEAS _9889 |
||
| 650 |
_aFLORA COSTARRICENSE _923173 |
||
| 650 |
_aESPECIFICACIONES DE LA ESPECIE _956255 |
||
| 942 | _cCD | ||
| 999 |
_c12384 _d12384 |
||